Печаль моя светла: повести, миниатюры; пер. с белорус.

Bibliografiske detaljer
Hovedforfatter: Пригодич З. К. Зиновий Кириллович
Summary:Исключено из фонда НТБ ТПУ
Sprog:russisk
Udgivet: Москва, Советский писатель, 1990
Format: MixedMaterials Bog
KOHA link:https://koha.lib.tpu.ru/cgi-bin/koha/opac-detail.pl?biblionumber=147715

MARC

LEADER 00000nam0a2200000 4500
001 147715
005 20231031145141.0
010 |a 5265013458 
035 |a (RuTPU)RU\TPU\book\160103 
090 |a 147715 
100 |a 20081119d1990 m y0rusy50 ca 
101 1 |a rus  |c bel 
102 |a RU 
105 |a y z 000ay 
200 1 |a Печаль моя светла  |e повести, миниатюры  |e пер. с белорус.  |f З. К. Пригодич 
210 |a Москва  |c Советский писатель  |d 1990 
215 |a 384 с. 
333 |a Исключено из фонда НТБ ТПУ 
700 1 |a Пригодич  |b З. К.  |g Зиновий Кириллович 
801 1 |a RU  |b 63413507  |c 20081119  |g PSBO 
801 2 |a RU  |b 63413507  |c 20220602  |g RCR 
942 |c BK